书目信息 |
| 题名: |
终南有仙真
|
|
| 作者: | 杨辉 著 | |
| 分册: | ||
| 出版信息: | 西安 陕西师范大学出版总社有限公司 2011 |
|
| 页数: | 382页 | |
| 开本: | 24cm | |
| 丛书名: | “大道楼观”系列丛书 | |
| 单 册: | ||
| 中图分类: | B959.92 | |
| 科图分类: | ||
| 主题词: | 道士--列传--周至县 , 道士 | |
| 电子资源: | ||
| ISBN: | 978-7-5613-5844-3 | |
| 000 | 00923nam0 2200265 450 | |
| 001 | 2367028974 | |
| 005 | 20231215183748.87 | |
| 010 | @a978-7-5613-5844-3@dCNY 46.00 | |
| 090 | @aB95@byh | |
| 096 | @aB95@byh | |
| 100 | @a20120504d2011 em y0chiy0120 ea | |
| 101 | 0 | @achi |
| 102 | @aCN@b610000 | |
| 105 | @aa z 000yc | |
| 200 | 1 | @a终南有仙真@b专著@f杨辉著@Azhong nan you xian zhen |
| 210 | @a西安@c陕西师范大学出版总社有限公司@d2011 | |
| 215 | @a382页@c照片,图@d24cm | |
| 225 | 1 | @a“大道楼观”系列丛书 |
| 330 | @a本书不仅对终南历代仙真做单纯的传记式考察,而且从道家思想及其生活哲学出发,以历代仙真的生活经历为基础,开显出应对现时代个体基本精神问题的道教思想向度,以期为解决现时代的基本精神问题,提供一可资参照的精神空间。 | |
| 606 | 0 | @a道士@x列传@y周至县 |
| 606 | 0 | @a道士 |
| 690 | @aB959.92@v5 | |
| 701 | 0 | @a杨辉@f(1979~)@4著@Ayang hui |
| 801 | 2 | @aCN@b辽宁北配@c20231205 |
| 905 | @aBZT@dB959.92@e2 | |
| 终南有仙真/杨辉著.-西安:陕西师范大学出版总社有限公司,2011 |
| 382页:照片,图;24cm.-(“大道楼观”系列丛书) |
| ISBN 978-7-5613-5844-3:CNY 46.00 |
| 本书不仅对终南历代仙真做单纯的传记式考察,而且从道家思想及其生活哲学出发,以历代仙真的生活经历为基础,开显出应对现时代个体基本精神问题的道教思想向度,以期为解决现时代的基本精神问题,提供一可资参照的精神空间。 |
| ● |
| 相关链接 |
|
|
|
正题名:终南有仙真
索取号:B959.92/2
 
预约/预借
| 序号 | 登录号 | 条形码 | 馆藏地/架位号 | 状态 | 备注 |
| 1 | 2001632941 | 2001632941 | 辽三/辽宁北配(第三批)/2790/ [索取号:B959.92/2] | 在馆 | |
| 2 | 2001632942 | 2001632942 | 辽三/辽宁北配(第三批)/2790/ [索取号:B959.92/2] | 在馆 | |
| 3 | 2001632943 | 2001632943 | 辽三/辽宁北配(第三批)/2790/ [索取号:B959.92/2] | 在馆 | |
| 4 | 2001632944 | 2001632944 | 辽三/辽宁北配(第三批)/2790/ [索取号:B959.92/2] | 在馆 | |
| 5 | 2001632945 | 2001632945 | 辽三/辽宁北配(第三批)/2790/ [索取号:B959.92/2] | 在馆 | |
| 6 | 2001632946 | 2001632946 | 辽三/辽宁北配(第三批)/2790/ [索取号:B959.92/2] | 在馆 | |
| 7 | 2001632947 | 2001632947 | 辽三/辽宁北配(第三批)/2790/ [索取号:B959.92/2] | 在馆 | |
| 8 | 2001632948 | 2001632948 | 辽三/辽宁北配(第三批)/2790/ [索取号:B959.92/2] | 在馆 | |
| 9 | 2001632949 | 2001632949 | 辽三/辽宁北配(第三批)/2790/ [索取号:B959.92/2] | 在馆 | |
| 10 | 2001632950 | 2001632950 | 辽三/辽宁北配(第三批)/2790/ [索取号:B959.92/2] | 在馆 | |
| 11 | 2001632951 | 2001632951 | 辽三/辽宁北配(第三批)/2790/ [索取号:B959.92/2] | 在馆 | |
| 12 | 2001632952 | 2001632952 | 辽三/辽宁北配(第三批)/2790/ [索取号:B959.92/2] | 在馆 | |
| 13 | 2001632953 | 2001632953 | 辽三/辽宁北配(第三批)/2790/ [索取号:B959.92/2] | 在馆 | |
| 14 | 2001632954 | 2001632954 | 辽三/辽宁北配(第三批)/2790/ [索取号:B959.92/2] | 在馆 | |
| 15 | 2001632955 | 2001632955 | 辽三/辽宁北配(第三批)/2790/ [索取号:B959.92/2] | 在馆 | |
| 16 | 2001632956 | 2001632956 | 辽三/辽宁北配(第三批)/2790/ [索取号:B959.92/2] | 在馆 | |
| 17 | 2001632957 | 2001632957 | 辽三/辽宁北配(第三批)/2790/ [索取号:B959.92/2] | 在馆 | |
| 18 | 2001632958 | 2001632958 | 辽三/辽宁北配(第三批)/2790/ [索取号:B959.92/2] | 在馆 | |
| 19 | 2001632959 | 2001632959 | 辽三/辽宁北配(第三批)/2790/ [索取号:B959.92/2] | 在馆 | |
| 20 | 2001632960 | 2001632960 | 辽三/辽宁北配(第三批)/2790/ [索取号:B959.92/2] | 在馆 | |
| 21 | 2001632961 | 2001632961 | 辽三/辽宁北配(第三批)/2790/ [索取号:B959.92/2] | 在馆 | |
| 22 | 2001632962 | 2001632962 | 辽三/辽宁北配(第三批)/2790/ [索取号:B959.92/2] | 在馆 | |
| 23 | 2001632963 | 2001632963 | 辽三/辽宁北配(第三批)/2791/ [索取号:B959.92/2] | 在馆 | |
| 24 | 2001632964 | 2001632964 | 辽三/辽宁北配(第三批)/2791/ [索取号:B959.92/2] | 在馆 | |
| 25 | 2001632965 | 2001632965 | 辽三/辽宁北配(第三批)/2791/ [索取号:B959.92/2] | 在馆 | |
| 26 | 2001632966 | 2001632966 | 辽三/辽宁北配(第三批)/2791/ [索取号:B959.92/2] | 在馆 | |
| 27 | 2001632967 | 2001632967 | 辽三/辽宁北配(第三批)/2791/ [索取号:B959.92/2] | 在馆 | |
| 28 | 2001632968 | 2001632968 | 辽三/辽宁北配(第三批)/2791/ [索取号:B959.92/2] | 在馆 | |
| 29 | 2001632969 | 2001632969 | 辽三/辽宁北配(第三批)/2791/ [索取号:B959.92/2] | 在馆 | |
| 30 | 2001632970 | 2001632970 | 辽三/辽宁北配(第三批)/2791/ [索取号:B959.92/2] | 在馆 |